Fruits en images A-Z - Statistiques

Statistiques générales
  • Ce quiz a été pris 1 063 fois
  • Le résultat moyen est 11 sur 26
Statistiques - réponses
Par images Réponse % Correct
Banane
100%
Abricot
97%
Litchi
90%
Figue
89%
Vanille
84%
Papaye
77%
Orange
76%
Kaki
68%
Nectarine
68%
Goyave
67%
Cassis
56%
Durian
53%
Yuzu
22%
Jacque
21%
Quetsche
20%
Mangoustan
18%
Ramboutan
17%
Tamarin
13%
Sureau
11%
Églantier
8%
Icaque
2%
Zatte
2%
Hala
1%
Ugli
1%
Wampi
0%
Ximenia
0%
Aucun quiz correspondant
Distribution des résultats
% des personnes avec chaque résultat
Percentile par nombre de réponses
Votre historique - résultats
Vous n’avez pas pris ce quiz